Normal view
MARC view
Entry Personal Name
001 - CONTROL NUMBER
- control field: 9575
003 - CONTROL NUMBER IDENTIFIER
- control field: BD-RjUL
005 - DATE AND TIME OF LATEST TRANSACTION
- control field: 20231016122701.0
008 - FIXED-LENGTH DATA ELEMENTS
- fixed length control field: 231016|| aca||aabn | a|a d
040 ## - CATALOGING SOURCE
- Original cataloging agency: BD-RjUL
- Transcribing agency: BD-RjUL
100 ## - HEADING--PERSONAL NAME
- Personal name: Mary, Apsara Saleth
670 ## - SOURCE DATA FOUND
- Source citation: Work cat.: (BD-RjUL)82121: Mary, Apsara Saleth , The principles of travel agency and tour operation management /, 2020